00533 2200157 4500245005100000020001800051100001400069650002000083005001900103260003800122041001400160084000800174300002700182500015700209336000900366 aRembulan Tenggelam di WajahmucTere LiyehText a9789791102469 aTere Liye aNovel Indonesia a20231013135434 aJakartabRepublika Penerbitc2010 aIndonesia a813 aiv, 426 hlm. :c20 cm. atutup mata kita. tutup pikiran kita dari carut marut kehidupan. mari berpikir takjim sejenak. bayangkan saat ini ada satu malaikat bersayap indah datang atext